000 02356nam a2200313 i 4500
001 17615321
005 20251006121829.0
006 m o d
007 cr||||||||||||
008 230525s2025||||enk o ||1 0|eng|d
020 _a9781009445207
035 _a(UkCbUP)CR9781009445238
040 _aUkCbUP
_beng
_erda
_cUkCbUP
041 _aeng
043 _ae------
050 0 0 _aKJE5349
_b.R84 2025
100 _aRugge, Giacomo
_eauthor
_926010
245 1 0 _aTrilogues
_b: the democratic secret of European legislation
_c/ Giacomo Rugge.
260 _aCambridge ; New York, NY :
_bCambridge University Press,
_c2025.
300 _axviii, 229 pages ;
_c24 cm.
490 _aCambridge studies in European law and policy
500 _aTitle from publisher's bibliographic system (viewed on 10 Jan 2025).
505 0 _aA historical reconstruction -- Setting the stage : the European institutional triangle -- Unpacking the law and practice of trilogues -- Trilogues : informality meets positive law -- Inter-chamber coordination in a comparative perspective -- Trilogues and European democracy.
520 _aThe events of the last ten years have shaken the "permissive consensus" that kept the European integration process going for many years. 'Output democracy', as based on decisions presumably meeting the needs of the citizens, is no longer enough to obtain public support. Never before has a process-oriented approach to European democracy been more urgent. This book aims to address this urgency, by providing an account of the European legislative process that is less conventional and does justice to the democratic potential inherent in trilogues. In particular, this book provides: a comprehensive reconstruction of the workings of trilogues, relying on internal documents collected through a series of access to documents requests; gives meaning to the legal notion of informality, understood as one of the most defining, although elusive, features of trilogues; squares the practice of trilogues with the European democratic order of the Treaties, showing that such a practice is compatible with a model of 'negotiation democracy'.
590 _aAccess is available to the Yale community.
650 0 _aLegislation
_zEuropean Union countries
_926011
650 0 _aDemocracy
_zEuropean Union countries
_926012
942 _2lcc
999 _c5007
_d5007